Když se trhá nebe /
Historický román odehrávající se v Přerově ve 30. letech 20. století.
Uloženo v:
| Hlavní autor: | |
|---|---|
| Médium: | E-kniha |
| Jazyk: | Czech |
| Vydáno: |
V Praze :
Motto,
2025
|
| Vydání: | 1. vydání |
| Témata: | |
| Tagy: |
Žádné tagy |
| LEADER | 02296nam a2200397 i 4500 | ||
|---|---|---|---|
| 001 | 312779 | ||
| 003 | CZ PrSKC | ||
| 005 | 20260601215728.0 | ||
| 007 | ta | ||
| 008 | 250815s2025 xr af g 000 f cze | ||
| 015 | |a cnb003704143 | ||
| 020 | |a 9788026728924 |q (vázáno) : |c Kč 399,00 | ||
| 035 | |a (OCoLC)1549632593 | ||
| 040 | |a ABG001 |b cze |e rda | ||
| 072 | 7 | |a 821.162.3-3 |x Česká próza |2 Konspekt | |
| 080 | |a 821.162.3-31 |2 MRF | ||
| 080 | |a (0:82-311.6) |2 MRF | ||
| 100 | 1 | |a Chalupová, Lenka, |d 1973- |7 xx0019107 |4 aut | |
| 245 | 1 | 0 | |a Když se trhá nebe / |c Lenka Chalupová |
| 250 | |a 1. vydání | ||
| 264 | 1 | |a V Praze : |b Motto, |c 2025 | |
| 300 | |a 271 stran, 8 nečíslovaných stran obrazových příloh : |b ilustrace (některé barevné) ; |c 21 cm | ||
| 336 | |a text |b txt |2 rdacontent | ||
| 337 | |a bez média |b n |2 rdamedia | ||
| 338 | |a svazek |b nc |2 rdacarrier | ||
| 520 | 2 | |a Historický román odehrávající se v Přerově ve 30. letech 20. století. |b Myslel si, že roztáčí kolo štěstí. Ve skutečnosti roztočil spirálu zla. Píše se rok 1937 a mnozí v Československu tuší, že válka je na spadnutí. Židovský továrník Hugo Rosenbaum, který v Přerově vlastní fabriku na výrobu nábytku, ale nevěří, že by Německo vážně rozpoutalo krvavý konflikt. Daří se mu v podnikání, má milovanou ženu Juditu a v srdci jediné přání: dědice pro svou firmu. Pořídit si ho hodlá za každou cenu. Jenže vytoužené babele - jak židovské ženy říkají svým dětem - zvrátí nejen Hugův osud nečekaným směrem. Nakladatelská anotace. | |
| 655 | 7 | |a české romány |7 fd133974 |2 czenas | |
| 655 | 7 | |a historické romány |7 fd132414 |2 czenas | |
| 655 | 9 | |a Czech fiction |2 eczenas | |
| 655 | 9 | |a historical novels |2 eczenas | |
| 900 | |a ABA001 |b 19 | ||
| 928 | 9 | |a Albatros Media - Motto | |
| 044 | |a xr | ||
| 910 | |a RBIT002 | ||
| 998 | |d 421722 |a https://core.palmknihy.cz/api/books/421722/cover?t0oaft |b https://core.palmknihy.cz/api/books/421722/cover/400?t0oaft |c https://core.palmknihy.cz/api/books/421722/cover/50?t0oaft |e 2035-12-31 |g 280 |i 9788026728924 |j https://core.palmknihy.cz/api/books/421722/preview.epub |k https://core.palmknihy.cz/api/books/421722/preview.pdf |l |q 49 |r 1 |s https://www.palmknihy.cz/kniha/421722 |t ebook |y 2025 |z 0 | ||
| 999 | |d 312777 | ||